| Поле | Инд. | ПП | Название | Значение |
|---|---|---|---|---|
| Тип записи | a | |||
| Библиографический уровень | m | |||
| 001 | Контрольный номер | 1244a6b00f8b44ddbf41dd647aa927f7 | ||
| 005 | Дата корректировки | 20241021154244.0 | ||
| 084 | a | Индекс другой классификации/Индекс ББК | 88 | |
| 091 | i | Возрастная адресация (DOS) | 16+ | |
| 097 | b | Оператор | Кондратьева; Чирова; Сунагатуллина | |
| 245 | 10 | a | Заглавие | PSYCHOLOGIES / Психолоджис |
| n | Номер части/ раздела | 80 | ||
| 260 | c | Дата издания | 2024 | |
| 500 | a | Примечание | сентябрь | |
| 900 | a | Имя макрообъекта | 0000003837261 | |
| 901 | t | Тип документа | s |